000 00707nas a2200253 4500
001 BR9206619
003 BR-BrBNA
005 20231205092939.0
007 ta
008 230509b bl.|||p| |||| 00| 00por d
040 _aBR-BrBNA
_bpor
_cBiblioteca Nacional de Agricultura
041 _a(Pt)
072 _aF01
100 1 _aPinheiro, F.A.
100 1 _aSimon, E.J.
245 1 _aAspectos economicos da tomaticultura no Brasil, 1947/70
650 _aTOMATE
650 _aPRODUCAO VEGETAL
650 _aPRODUTIVIDADE
650 _aPRECO
773 0 _tRevista de Olericultura (Brazil)
_x
_g(1975), (no. 15) p. 270-271
_wBR9206619
909 _a202311
_bLúcia
_c55
_dLúcia Elande
942 _2AGRIS
_n0
_cANA
999 _c135302
_d135302